000
00332pam a2200157a 44500
008
230515b1994 xxu||||| |||| 00| 0 eng d
020
_a
NULL
041
_a
ENGLISH
082
_a
N.D.
100
_a
Deo / Narsingh
245
_a
Graph Theory
250
_a
0
260
_a
NULL
_b
PHI Pub.
_c
1994
300
_a
478
650
_a
NULL
999
_c
576644
_d
576644